| 000 | 00587nam a2200217Ia 4500 | ||
|---|---|---|---|
| 005 | 20250508164525.0 | ||
| 008 | 008 250505s9999 xx 000 0 hin d | ||
| 037 | _aTextual | ||
| 040 |
_aFEDL _beng _cFEDL |
||
| 041 |
_ahin _2eng |
||
| 084 |
_a370, JHI _qFEDL |
||
| 100 |
_aJhingaran Vansh Gopal _9778350 |
||
| 245 | 0 | _aPashchatya shiksha ka itihas | |
| 260 |
_aChandigarh, India _bHarayana Sahitya Akademi _c1985 |
||
| 300 | _axiv,283p. | ||
| 365 |
_aINR _b40 |
||
| 546 | _aMACESE | ||
| 650 | _aEducation | ||
| 942 |
_cTEXL _h370, JHI |
||
| 999 |
_c1389580 _d1389580 |
||